[Event "AUTO-INT-1730"]
[Site "http://www.queenalice.com/game.php?id=791276"]
[Date "2010.6.17"]
[Round "1"]
[White "Nektor"]
[Black "dorszu"]
[Result "1-0"]
[WhiteElo "1805"]
[BlackElo "1708"]

1. e4 e6 2. Nf3 c5 3. d4 Nf6 4. e5 Nd5 5. Bc4 cxd4 6. Nxd4 Bc5 7. Bxd5 exd5 8.
Be3 Nc6 9. Nxc6 dxc6 10. Bxc5 Qa5+ 11. b4 Qb5 12. Nc3 Qc4 13. Qd3 Qf4 14. Bd4
Bf5 15. Qe3 Qxe3+ 16. Bxe3 Bxc2 17. O-O O-O 18. Rfe1 Rfe8 19. Bd4 Rad8 20. Bxa7
Ra8 21. Bd4 Re6 22. b5 cxb5 23. Nxb5 Ra4 24. a3 Bd3 25. Nc7 Re7 26. Nxd5 Re6 27.
Bb2 h6 28. Nf4 Rb6 29. Nxd3 Kf8 30. f4 g6 31. Nc5 Rxb2 32. Nxa4 Rb5 33. Rab1 Ra5
34. Re4 b5 35. Nc3 Rxa3 36. Nxb5 Ra5 37. Nd6 Ke7 38. Reb4 1-0

[Event "AUTO-INT-1731"]
[Site "http://www.queenalice.com/game.php?id=791590"]
[Date "2010.6.17"]
[Round "1"]
[White "biano"]
[Black "Nektor"]
[Result "0-1"]
[WhiteElo "1710"]
[BlackElo "1780"]

1. e4 e5 2. f4 f6 3. Qh5+ g6 4. Qd1 d5 5. fxe5 fxe5 6. exd5 Qxd5 7. Qf3 Qd6 8.
Bc4 Qf6 9. Nc3 c6 10. Qxf6 Nxf6 11. Nf3 b5 12. Bb3 b4 13. Nd1 Bd6 14. O-O Bc5+
15. Kh1 Nbd7 16. Re1 Bd6 17. d4 e4 18. Ng5 Ke7 19. Nf7 Re8 20. Nxd6 Kxd6 21. Ne3
Nb6 22. Nc4+ Nxc4 23. Bxc4 Be6 0-1

[Event "AUTO-INT-1731"]
[Site "http://www.queenalice.com/game.php?id=791591"]
[Date "2010.6.17"]
[Round "1"]
[White "Nektor"]
[Black "biano"]
[Result "1-0"]
[WhiteElo "1768"]
[BlackElo "1726"]

1. e4 d5 2. exd5 Qxd5 3. Nc3 Qa5 4. d4 Nf6 5. Bd2 Bg4 6. Be2 Bxe2 7. Ngxe2 e6 8.
Ne4 Qf5 9. Nxf6+ Qxf6 10. O-O Bd6 11. c4 O-O 12. Bc3 e5 13. dxe5 Bxe5 14. Re1
Nc6 15. Qc2 Bxc3 16. Qxc3 Qxc3 17. Nxc3 Nd4 18. Rad1 c5 19. Ne4 Rad8 20. Nxc5
Nc2 21. Rf1 b6 22. Nb7 Rxd1 23. Rxd1 Re8 24. Rd8 Rxd8 25. Nxd8 Nb4 26. a3 Nd3
27. b3 Ne5 28. f4 Ng6 29. g3 Kf8 30. Nc6 a6 31. Kf2 Ne7 32. Nxe7 Kxe7 33. Ke3
Kd6 34. Kd4 f5 35. b4 h5 36. a4 a5 37. c5+ bxc5+ 38. bxc5+ Kc6 39. Kc4 g6 40. h3
1-0

[Event "AUTO-INT-1731"]
[Site "http://www.queenalice.com/game.php?id=791602"]
[Date "2010.6.17"]
[Round "1"]
[White "kinggeorge"]
[Black "Nektor"]
[Result "0-1"]
[WhiteElo "1261"]
[BlackElo "1818"]

1. Nf3 Nc6 2. e4 e5 3. g4 Nf6 4. Nh4 Nxe4 5. Nf5 d5 6. d3 Bxf5 7. gxf5 Qh4 8.
dxe4 Qxe4+ 9. Qe2 Qxh1 10. Nd2 Qxh2 11. Nf3 Qh5 12. Qb5 O-O-O 13. Bg2 f6 14. a4
Qxf5 15. Ra3 Bxa3 16. a5 Bb4+ 17. Kd1 Bxa5 18. b4 Bxb4 19. c3 a6 20. Qe2 Bxc3
21. Nh4 Qb1 22. Bh3+ Kb8 23. Bf5 Qb4 24. Nf3 Nd4 25. Qd3 Qb3+ 26. Qc2 Qxc2+ 27.
Bxc2 Nxf3 28. Bd3 e4 29. Be2 Rhe8 30. Kc2 Nd4+ 31. Kxc3 Nxe2+ 32. Kc2 Nxc1 33.
Kxc1 e3 34. fxe3 Rxe3 35. Kd2 Rde8 36. Kd1 Re2 37. Kc1 Rh2 38. Kb1 Re1# 0-1

[Event "AUTO-INT-1731"]
[Site "http://www.queenalice.com/game.php?id=791603"]
[Date "2010.6.17"]
[Round "1"]
[White "Nektor"]
[Black "kinggeorge"]
[Result "1-0"]
[WhiteElo "1784"]
[BlackElo "1257"]

1. e4 e5 2. Nf3 b6 3. Bc4 c5 4. Nxe5 Qe7 5. Nxf7 Qxe4+ 6. Qe2 Bb7 7. Qxe4+ Bxe4
8. Nxh8 Ne7 9. f3 Bc6 10. Nf7 d5 11. Bd3 Kxf7 12. Bxh7 Na6 13. a3 Ng6 14. Bxg6+
Kxg6 15. O-O d4 16. Re1 Bd5 17. Nc3 dxc3 18. dxc3 Nc7 19. Bf4 c4 20. Bxc7 Bc5+
21. Kh1 Rh8 22. Rad1 Bf7 23. Rd7 Be8 24. Rd8 a5 25. Rexe8 Rh5 26. Bd6 Bf2 27.
Be5 b5 28. Bd4 Bh4 29. Kg1 Bg5 30. Rh8 Rh4 31. Rxh4 Bxh4 32. g3 Bxd8 33. b3 b4
34. cxb4 Kf5 35. b5 cxb3 36. cxb3 Ke6 37. Bxg7 Bb6+ 38. Kf1 Kd5 39. h4 Ke6 40.
Kg2 Kd5 41. h5 Ke6 42. h6 Kf7 43. g4 Kg6 44. Kg3 Bc7+ 45. f4 Kf7 46. g5 Kg6 47.
Kg4 Bd8 48. Bc3 Be7 49. Bxa5 Bxa3 50. b4 Bc1 51. Kf3 Bb2 52. b6 Bd4 53. b7 Ba7
54. Bc7 Kf7 55. b8=Q Bxb8 56. Bxb8 Kg6 57. Ke4 Kf7 58. Be5 1-0

[Event "AUTO-INT-1731"]
[Site "http://www.queenalice.com/game.php?id=791608"]
[Date "2010.6.17"]
[Round "1"]
[White "marcosbratz"]
[Black "Nektor"]
[Result "1-0"]
[WhiteElo "1765"]
[BlackElo "1793"]

1. e4 e5 2. Nf3 Nc6 3. Bb5 a6 4. Bxc6 dxc6 5. O-O Bg4 6. d3 Nf6 7. Bg5 Be7 8.
Bxf6 Bxf6 9. Nbd2 Bg5 10. h3 Bxf3 11. Nxf3 Bf6 12. Qd2 O-O 13. b4 Qd6 14. a3 c5
15. c3 cxb4 16. axb4 Rad8 17. Rfd1 h6 18. Ra2 Rd7 19. Rc2 c5 20. bxc5 Qxc5 21.
Ne1 Bg5 22. Qe2 f5 23. d4 exd4 24. cxd4 Qe7 25. e5 Rfd8 26. Nf3 Re8 27. Nxg5
Qxg5 28. Rc3 f4 29. f3 Qf5 30. Rc5 Re6 31. Rc8+ Kf7 32. Rc5 b6 33. Rc3 Rg6 34.
Ra3 a5 35. Kh2 Rg3 36. Qc4+ Ke7 37. Rb3 Qg6 38. Rb2 Qe6 39. Qxe6+ Kxe6 40. Rxb6+
Kf5 41. Ra6 Rd5 42. Rd6 Rxd6 43. exd6 1-0

[Event "AUTO-INT-1731"]
[Site "http://www.queenalice.com/game.php?id=791609"]
[Date "2010.6.17"]
[Round "1"]
[White "Nektor"]
[Black "marcosbratz"]
[Result "0-1"]
[WhiteElo "1798"]
[BlackElo "1747"]

1. e4 e5 2. Nf3 f5 3. d4 fxe4 4. Nxe5 Nf6 5. Bg5 Be7 6. Nc3 O-O 7. Bc4+ d5 8.
Bxd5+ Nxd5 9. Bxe7 Nxc3 10. Bxd8 Nxd1 11. Rxd1 Rxd8 12. O-O Bf5 13. c3 Nd7 14.
f4 Nf6 15. h3 Be6 16. f5 Bxa2 17. g4 c5 18. g5 Ne8 19. g6 h6 20. Nf7 Bxf7 21.
gxf7+ Kxf7 22. Rf4 Nf6 23. Kf2 cxd4 24. cxd4 Rd5 25. Ke3 Rad8 26. Rf2 b6 27. Rc2
R8d7 28. Rcd2 a5 29. Ra1 Rxf5 30. Rf2 Rxf2 31. Kxf2 Rxd4 32. Ke3 Rd3+ 33. Kf4
Rxh3 34. Rf1 Rf3+ 35. Rxf3 exf3 36. Kxf3 b5 37. Ke3 g5 38. Kd4 g4 39. Ke3 h5 0-1

[Event "AUTO-OPEN-2045"]
[Site "http://www.queenalice.com/game.php?id=805325"]
[Date "2010.7.19"]
[Round "1"]
[White "sasquatico"]
[Black "Nektor"]
[Result "1-0"]
[WhiteElo "1733"]
[BlackElo "1786"]

1. e4 e5 2. Nf3 Nc6 3. Bb5 a6 4. Ba4 b5 5. Bb3 Na5 6. Nxe5 Nxb3 7. axb3 d6 8.
Nc6 Qd7 9. Nd4 Nf6 10. h3 Be7 11. d3 c5 12. Nf5 O-O 13. c4 Qc6 14. Nxe7+ 1-0

[Event "AUTO-OPEN-2045"]
[Site "http://www.queenalice.com/game.php?id=805326"]
[Date "2010.7.19"]
[Round "1"]
[White "Nektor"]
[Black "sasquatico"]
[Result "1-0"]
[WhiteElo "1789"]
[BlackElo "1786"]

1. e4 c5 2. Nf3 Nc6 3. c3 a6 4. d4 cxd4 5. cxd4 d6 6. d5 Nb8 7. Nc3 Bg4 8. h3
Bh5 9. Be2 Bg6 10. Nh4 f6 11. Nxg6 hxg6 12. Bd2 b5 13. b4 g5 14. a4 bxa4 15.
Qxa4+ Nd7 16. b5 Nc5 17. Qa5 Nb3 18. Qxd8+ Rxd8 19. Rxa6 Nxd2 20. Kxd2 g6 21.
Rb1 f5 22. b6 Rh4 23. Bf3 f4 24. b7 e5 25. Ra8 Be7 26. Rxd8+ Bxd8 27. b8=Q Ne7
28. Rb7 Rh7 29. Qxd6 Rg7 30. Qd7+ Kf8 31. Qxd8+ Kf7 32. Rxe7+ Kf6 33. Qf8+ Rf7
34. Qxf7# 1-0

[Event "AUTO-OPEN-2045"]
[Site "http://www.queenalice.com/game.php?id=805349"]
[Date "2010.7.19"]
[Round "1"]
[White "RobertD"]
[Black "Nektor"]
[Result "1-0"]
[WhiteElo "1827"]
[BlackElo "1776"]

1. d4 d5 2. e3 e6 3. c4 c5 4. Nf3 cxd4 5. Nxd4 Nc6 6. Nc3 Bb4 7. a3 Bxc3+ 8.
bxc3 Ne5 9. cxd5 exd5 10. Bb5+ Bd7 11. O-O Bxb5 12. Nxb5 a6 13. Nd4 Nf6 14. Rb1
b5 15. f3 Nc4 16. Qd3 O-O 17. Re1 Re8 18. Kf2 Qd7 19. g4 Qd6 20. Kg2 g6 21. Nc2
Ne5 22. Qf1 Nc4 23. Qd3 Rad8 24. Qd4 Qc6 25. Nb4 Qb7 26. Qxf6 Re6 27. Qd4 Rd7
28. Nd3 g5 29. Nc5 1-0

[Event "AUTO-OPEN-2045"]
[Site "http://www.queenalice.com/game.php?id=805350"]
[Date "2010.7.19"]
[Round "1"]
[White "Nektor"]
[Black "RobertD"]
[Result "0-1"]
[WhiteElo "1817"]
[BlackElo "1926"]

1. e4 g6 2. d4 Bg7 3. c3 e5 4. Be3 d6 5. dxe5 Bxe5 6. Bd4 Qe7 7. Nf3 Bg4 8. Be2
Nc6 9. Nxe5 dxe5 10. Be3 Bxe2 11. Qxe2 O-O-O 12. Qg4+ Kb8 13. Na3 a6 14. O-O Nf6
15. Qh4 Qe6 16. Bg5 Nh5 17. Bxd8 Rxd8 18. Rad1 Rxd1 19. Rxd1 Qxa2 20. Qg5 Qxb2
21. Qc1 Qe2 22. Re1 Qg4 23. g3 Nf4 24. Qe3 h5 25. f3 Qg5 26. h4 Qxg3+ 0-1

[Event "AUTO-OPEN-2045"]
[Site "http://www.queenalice.com/game.php?id=805365"]
[Date "2010.7.19"]
[Round "1"]
[White "Nektor"]
[Black "BobGomes"]
[Result "0-1"]
[WhiteElo "1840"]
[BlackElo "2099"]

1. e4 e5 2. Nf3 Nf6 3. Nxe5 d6 4. Nf3 Nxe4 5. Qe2 Qe7 6. d3 Nf6 7. Qxe7+ Bxe7 8.
Be2 O-O 9. O-O Re8 10. Re1 Bf8 11. Bg5 Nbd7 12. Nc3 h6 13. Bxf6 Nxf6 14. d4 Bf5
0-1

[Event "AUTO-OPEN-2045"]
[Site "http://www.queenalice.com/game.php?id=805366"]
[Date "2010.7.19"]
[Round "1"]
[White "BobGomes"]
[Black "Nektor"]
[Result "1-0"]
[WhiteElo "2104"]
[BlackElo "1834"]

1. d4 d5 2. c4 c6 3. e3 e6 4. Nf3 c5 5. dxc5 Bxc5 6. cxd5 Qxd5 7. Qxd5 exd5 8.
Nc3 Nf6 9. Bb5+ Bd7 10. Ne5 Bb4 11. Bd2 Bxb5 12. Nxb5 Bxd2+ 13. Kxd2 Na6 14.
Nd6+ 1-0